| 000 | 00891nam a2200265 i 4500 | ||
|---|---|---|---|
| 001 | bgj | ||
| 100 | 1 | _aDU BOIS, W[illiam] E[dward] B[urghardt] | |
| 245 | 1 | 0 |
_aWritings / _cW.E.B. Du Bois ; [edited by] Nathan Huggins. |
| 250 | _a[2nd print]. | ||
| 260 |
_aNew York : _bLiterary Classics of the United States, _cc. 1986. |
||
| 300 |
_a1334 pp ; _c21 cm. |
||
| 490 | 1 |
_aThe Library of America ; _v34 |
|
| 505 | _aContents : The suppression of the African slave-trade ; The souls of black folk ; Dusk of dawn ; Essays and articles. | ||
| 505 | _aIncludes index. | ||
| 650 | 9 | _aAfro-Americans | |
| 655 | _aCollected works | ||
| 700 | 1 |
_aHUGGINS, Nathan. _eed. |
|
| 830 | _aThe Library of America ; | ||
| 020 | _a094045033X (hbk, jacket) | ||
| 040 | _cBPK | ||
| 041 | 0 | _aeng | |
| 920 | _a0-940450-33-X (hbk, jacket) | ||
| 942 | _cKS | ||
| 008 | s uk f |000 0 eng | ||
| 999 |
_c47217 _d47217 |
||
| 856 |
_uhttp://koha.tu.koszalin.pl/cgi-bin/koha/opac-detail.pl?biblionumber=47217 _yKatalog online BPK |
||